00566nam a2200193ra 450000100060000000300080000600500170001400800410003103500190007204000260009104100080011708200230012510000450014824500340019326000410022730000220026850400520029065100300034232522BD-RjUL20211209051842.0140427s1962 ii b 00100 eng d a(BD-RjUL)32611 aBD-RjULbengcBD-RjUL aeng a294.5211bGHG 19621 aGhurye, G. S.q(Govind Sadashiv),d1893-10aGods and men /cby G.S.Ghurye aBombay :bPopular Book Depot,c1962. ax,300 p. ;c21cm. aIncludes Bibliographical references and index. 0aIndiaxReligionxHistory.